000 01490nam a22003857a 4500
003 CHAP
005 20220329135404.0
008 971013s r 00010 d
010 _a35524
011 _a36496
035 _a40615
040 _cCHAP
082 _a352.5
_bM4o
110 _aMéxico. Secretaría de Obras Públicas
_977202
245 _aMemoria de labores
260 _aMéxico, D.F. :
_bLa Secretaría,
_c19-
300 _av
500 _ac.c. México. Sec. de Asent. Hum. y Obr. Públicas. Informe
500 _aLa biblioteca tiene: 1959-60, 1960-61, 1964-70, 1968-69, 1972-73, 1973-74, 1970-76
500 _aTít. var.: informe de labores
590 _aBATCH-UPD
_b10
_c20130110
_lUCH01
_h2253
590 _aBATCH-UPD
_b10
_c20130410
_lUCH01
_h1546
590 _aBATCH-UPD
_b10
_c20130914
_lUCH01
_h1847
590 _aCONVERSION
_b10
_c20130109
_lUCH01
_h1320
650 1 4 _aObras públicas
_xMéxico.
_982563
901 _aBK
942 _cLIBRO
949 _a352.5 M4o
_bBC
_cC
_d-150965
_eC
_f1959-60
_i40615
_si
949 _a352.5 M4o
_bBC
_cC
_d-150966
_eC
_f1970-76
_h41279
_i40615
_si
949 _a352.5 M4o
_bBC
_cC
_d33724000122123
_eC
_f1972-73
_h43646
_i40615
_si
949 _a352.5 M4o
_bBC
_cC
_d33724000122131
_eC
_f1973-1974
_h43645
_i40615
_si
949 _a352.5 M4o
_bBC
_cC
_d33724000122156
_eC
_f1968-69
_h41792
_i40615
_si
949 _a352.5 M4o
_bBC
_cC
_d33724000122198
_eC
_f1960-61
_h47092
_i40615
_si
949 _a352.5 M4o
_bBC
_cC
_d33724000122255
_eC
_f1964-70
_h33556
_i40615
_si
999 _c35524
_d35524